[Event "Yingmei Cup CHN-chT 2017"]
[Site "?"]
[Date "2017.05.25"]
[Round "7"]
[White "Wen, Yang"]
[Black "Yu, Ruiyuan"]
[Result "1-0"]
[WhiteElo "2613"]
[BlackElo "2526"]
[Annotator "TA"]
[PlyCount "81"]
[EventDate "2017.??.??"]
[SourceTitle "Jinhua-Lanxi"]

1. e4 c6 2. d4 d5 3. exd5 cxd5 4. Nf3 Nc6 5. Ne5 e6 (5... a6 6. c4 Nf6 7. Nc3
e6 8. Be2 Bd6 9. Nxc6 bxc6 10. O-O O-O 11. Bg5 Rb8 12. Rb1 h6 {1-0 (53)
Carlsen,M (2840)-Mamedyarov,S (2768) Doha 2016}) 6. Bb5 {B13: Caro-Kann:
Exchange Variation and Panov-Botvinnik Attack} Bd7 7. Nxd7 Qxd7 8. c3 {The
position is equal.} Bd6 9. O-O Nf6 10. Bd3 O-O 11. Nd2 a6 12. a4 $146 Rab8 13.
f4 Qc7 14. g3 Na5 15. Qe2 Rfc8 16. Ra2 Nc4 17. b3 Nxd2 18. Bxd2 Qc6 19. Re1 Re8
20. a5 Nd7 21. c4 dxc4 22. Be4 ({But not} 22. Bxc4 $6 Nf6 $11) 22... Qc7 23.
bxc4 Be7 24. Bf3 Bf6 25. Be3 $1 Rbc8 26. Rb2 Qxa5 27. Rxb7 Nb6 {[#]} 28. c5 $1
Nd5 {[#]} 29. Bf2 $1 Qa4 30. Qd1 $36 {Black is under strong pressure.} Qa5 $2 (
30... Qxd1 $16 31. Rxd1 (31. Bxd1 Red8 $16) 31... Kf8) 31. Qe2 $2 (31. Bxd5 $18
exd5 32. Rxe8+ Rxe8 33. Qh5) 31... Qa4 $16 32. Qd1 $2 (32. Qd3 $16) 32... Qa5
$1 $18 33. f5 {And now fxe6 would win.} Rcd8 (33... Nc7 $142 34. Qd3 Red8) 34.
fxe6 fxe6 35. Bh5 Rf8 36. Bg4 Nc3 $2 (36... Kh8 37. Rxe6 (37. Bxe6 Nc7 $16)
37... Qc3) 37. Bxe6+ Kh8 38. Qh5 {Intending Bf5 and mate.} Bxd4 39. Bxd4 {
White mates.} Rxd4 40. Qe5 Ne2+ 41. Rxe2 {Precision: White = 69%, Black = 38%.}
1-0

[Event "Yingmei Cup CHN-chT 2017"]
[Site "?"]
[Date "2017.05.25"]
[Round "7"]
[White "Gordievsky, Dmitry"]
[Black "Gao, Rui"]
[Result "1/2-1/2"]
[WhiteElo "2611"]
[BlackElo "2543"]
[Annotator "TA"]
[PlyCount "63"]
[EventDate "2017.??.??"]
[SourceTitle "Jinhua-Lanxi"]

1. d4 d5 2. Nf3 Nf6 3. c4 c6 4. e3 e6 5. Bd3 Nbd7 6. O-O dxc4 7. Bxc4 Bd6 8.
Bb3 {D30: Queen's Gambit Declined: Systems without Nc3} O-O 9. Nbd2 c5 10. Qe2
Be7 $146 ({Predecessor:} 10... cxd4 11. exd4 Nb6 12. Ne5 Nbd5 13. Ne4 Be7 14.
Nc3 Bd7 15. Rd1 Rc8 {1/2-1/2 (35) Miroshnichenko,E (2670)-Gasanov,E (2488)
Kharkov 2010}) 11. Ne5 Qc7 12. f4 a5 13. Bc4 Nb6 14. Bb5 Bd7 15. Nxd7 Nbxd7 16.
a4 Rad8 17. Kh1 cxd4 18. exd4 Nb6 19. Nf3 Nbd5 20. Ne5 Qb6 21. Nc4 Qxd4 22.
Nxa5 Qa7 (22... Ra8 $5 23. Bd2 Qxb2 24. Nxb7 Bb4 25. Bxb4 Qxb4 $15) 23. Nc4 Nc7
24. Be3 Bc5 25. Bd2 Nxb5 26. axb5 Qb8 27. Bc3 Bd4 28. Ne5 Bxc3 ({Black should
try} 28... Rd5 $15) 29. bxc3 $11 {The position is equal.} Qc7 30. c4 Nd7 31.
Nxd7 Rxd7 32. Rac1 {Precision: White = 36%, Black = 40%.} 1/2-1/2

[Event "Yingmei Cup CHN-chT 2017"]
[Site "?"]
[Date "2017.05.25"]
[Round "7"]
[White "Ju, Wenjun"]
[Black "Daulyte, Deimante"]
[Result "1-0"]
[WhiteElo "2596"]
[BlackElo "2416"]
[Annotator "TA"]
[PlyCount "67"]
[EventDate "2017.??.??"]
[SourceTitle "Jinhua-Lanxi"]

1. d4 d5 2. c4 e6 3. Nf3 Nf6 4. g3 dxc4 5. Bg2 Bd7 6. Ne5 Bc6 7. Nxc6 Nxc6 8.
e3 Qd7 {[%emt 0:00:05] E04: Open Catalan: Nf3} 9. O-O Rd8 10. Qe2 e5 11. Qxc4
exd4 12. Qb5 {LiveBook: 4 Games} Rb8 13. Rd1 a6 14. Qf1 {[#]} Be7 $146 {[#]} ({
Predecessor:} 14... Bd6 15. exd4 O-O 16. Bh3 {1/2-1/2 (76) Tomashevsky,E (2722)
-Bu,X (2698) Novi Sad 2016}) 15. Nc3 $1 O-O (15... dxc3 16. Rxd7) 16. exd4 Nxd4
17. Bf4 Rbd8 18. Bxb7 a5 19. Bg2 c5 ({Black should play} 19... Rfe8 $14) 20.
Qa6 ({White should try} 20. Ne2 $16) 20... a4 21. Qc4 Qg4 22. h3 Qh5 23. Qxa4
Nf3+ (23... Bd6 $16) 24. Bxf3 $1 $18 Qxf3 25. Rxd8 Rxd8 26. Rd1 Rxd1+ 27. Qxd1
Qb7 28. Qe2 h6 29. a4 Bd8 30. Qb5 Qa7 (30... Qxb5 $142 31. Nxb5 (31. axb5 Nd7
$18) 31... Nd7) 31. Be3 Be7 (31... Qd7 {was necessary.} 32. Bxc5 Bc7 33. Qxd7
Nxd7) 32. a5 {White is clearly winning.} Nd7 33. a6 Bd8 34. Bf4 {Precision:
White = 71%, Black = 29%.} 1-0

[Event "Yingmei Cup CHN-chT 2017"]
[Site "?"]
[Date "2017.05.25"]
[Round "7"]
[White "Dzagnidze, Nana"]
[Black "Zhu, Jiner"]
[Result "1/2-1/2"]
[WhiteElo "2545"]
[BlackElo "2154"]
[Annotator "TA"]
[PlyCount "126"]
[EventDate "2017.??.??"]
[SourceTitle "Jinhua-Lanxi"]

1. c4 Nf6 2. Nf3 e6 3. g3 d5 4. Bg2 d4 5. O-O c5 6. e3 Nc6 7. exd4 cxd4 8. d3
Bd6 {A13: English Opening: 1...e6} 9. Bg5 h6 10. Bxf6 Qxf6 11. Nbd2 Qe7 12. a3
a5 $1 {LiveBook: 11 Games} 13. Nb3 e5 14. Re1 Be6 15. c5 Bc7 16. Rc1 {[#]} O-O
$146 17. Nbd2 Rfe8 18. Nc4 Bd5 19. Qa4 (19. Nfd2 $5 Bxg2 20. Kxg2 $11) 19...
Qd7 20. Nfd2 Bxg2 21. Kxg2 f5 22. f3 Qd5 23. Qb5 a4 (23... b6 $5) 24. Nb6 ({
Wrong is} 24. Qxb7 $2 Ra7 $19) 24... Bxb6 $1 25. Qxb6 Re7 26. Qb5 Ra5 27. Qc4
Rd7 28. Kf2 Qxc4 29. Nxc4 Rxc5 30. Nb6 Rxc1 31. Rxc1 $11 {Endgame KRN-KRN} Re7
32. Nxa4 e4 33. dxe4 fxe4 34. fxe4 Rxe4 35. Nc5 Re7 36. Rd1 b6 37. Nb3 Re4 38.
Nd2 Re6 39. Nf3 Rf6 40. Ke2 Re6+ 41. Kd2 Rf6 42. Rc1 Rxf3 43. Rxc6 {KR-KR} Rf2+
44. Kc1 Rxh2 45. Rxb6 Rg2 46. Rb3 {Strongly threatening a4.The position is
equal.} Kf7 47. a4 Ke6 48. a5 Kd5 49. Ra3 Rg1+ 50. Kc2 {[#] a6 is the strong
threat.} Rg2+ 51. Kb1 {Threatens to win with a6.} Rg1+ 52. Ka2 {aiming for a6.}
Re1 53. a6 Re8 54. a7 Ra8 55. Kb3 Kc5 56. Kc2 Kb6 57. Kd3 Rxa7 58. Rxa7 Kxa7
59. Kxd4 {KPP-KPP} h5 $1 60. Ke5 g5 61. Kf5 h4 62. gxh4 gxh4 {[#] Hoping for ..
.h3.} 63. Kg4 Kb6 {Precision: White = 72%, Black = 69%.} (63... h3 $5 64. Kxh3
Kb8 $11) 1/2-1/2

[Event "Yingmei Cup CHN-chT 2017"]
[Site "?"]
[Date "2017.05.25"]
[Round "7"]
[White "Tan, Zhongyi"]
[Black "Stefanova, Antoaneta"]
[Result "1/2-1/2"]
[WhiteElo "2508"]
[BlackElo "2510"]
[Annotator "TA"]
[PlyCount "81"]
[EventDate "2017.??.??"]
[SourceTitle "Jinhua-Lanxi"]

1. d4 d5 2. c4 c6 3. Nf3 Nf6 4. Nc3 a6 5. c5 Bf5 6. Qb3 Ra7 {LiveBook: 38
Games. D15: Slav Defence: 4 Nc3 a6 and gambit lines after 4 Nc3 dxc4} (6... Qc8
7. Nh4 Bg6 8. Na4 Nbd7 9. Bf4 e6 10. f3 Be7 11. g4 Bd8 12. O-O-O Bc7 13. Bg3
O-O 14. e3 {1-0 (38) Wang,Y (2729)-Bu,X (2710) Shenzhen 2015}) 7. Nh4 Bc8 $146
({Predecessor:} 7... Bg6 8. Bg5 Nbd7 9. Nxg6 hxg6 10. e4 dxe4 11. Bc4 e6 12.
Nxe4 Be7 13. Nd2 O-O 14. Nf3 Nd5 15. h4 N7f6 16. Ne5 Ne4 17. Bxd5 exd5 18. Bf4
Qa5+ 19. Kf1 Qb5+ 20. Kg1 Qxb3 {1/2-1/2 (20) Zaja,I (2488)-Tukmakov,V (2604)
Pula 2001}) 8. Bf4 Nbd7 {White is slightly better.} 9. Nf3 $1 Nh5 10. Bd2 e5
11. Nxe5 Nxe5 12. dxe5 Bxc5 13. e4 Qe7 14. Be2 (14. Na4 $16 Bd4 15. Nb6) 14...
Qxe5 $11 15. exd5 Nf4 16. Bxf4 Qxf4 17. O-O $1 O-O 18. Rad1 Bd4 19. Bd3 {
Ne2 is the strong threat.} (19. g3 $5 Qf6 20. Ne4 $11) 19... Bg4 20. Rde1 {
aiming for Re4.} Qd2 21. Ne2 (21. Be2 $5 Bc8 22. Rd1 $11) 21... Bf6 $1 (21...
Bxb2 $2 22. Rd1 $18) (21... Qxb2 $2 22. Nxd4 Qxd4 23. Re4 $18) 22. h3 Bc8 23.
Qa3 Rd8 (23... g6 $15) 24. Ng3 (24. dxc6 $11 Rxd3 25. Nc3 $1) 24... Qxb2 $15
25. Qd6 {[#] Intending Qxd8+! and mate.} g6 $1 ({Worse is} 25... Rxd6 26. Re8#)
26. Qb8 Qd4 {White must now prevent ...Be6.} 27. Re4 Qxd3 28. Rfe1 Be6 ({
Don't capture} 28... Rxd5 $2 29. Re8+ Kg7 30. Rxc8 $18) 29. Qxa7 Bxd5 30. Re8+
({Don't play} 30. Qxb7 Bxe4 31. Nxe4 Bc3 $15) 30... Rxe8 31. Rxe8+ Kg7 32. Qb8
{Threatens to win with Nh5+!} Qd1+ 33. Kh2 {White wants to mate with Rg8+.} Qd4
$1 34. Qd6 $132 {White puts up resistance} Kh6 {[#]} (34... h5 $1 $11 {remains
equal.}) 35. Re2 (35. Ne4 $1 $16 Bxe4 36. Qxd4 Bxd4 37. Rxe4) 35... b5 36. Qf8+
Bg7 37. Qa3 (37. Qd6 $11 {keeps the balance.} Qf6 38. Qb4) 37... Be5 (37... Qf4
$17 38. Kg1 b4 39. Qxa6 Be5) 38. Qe7 Bf6 (38... Bxg3+ $5 39. Kxg3 Kg7 $11) 39.
Qf8+ $1 {The position is equal.} Bg7 40. Qd6 Bf6 41. Qf8+ {Precision: White =
51%, Black = 52%.} 1/2-1/2

[Event "Yingmei Cup CHN-chT 2017"]
[Site "?"]
[Date "2017.05.25"]
[Round "7"]
[White "Xu, Xiangyu"]
[Black "Xu, Yi"]
[Result "1/2-1/2"]
[WhiteElo "2503"]
[BlackElo "2454"]
[Annotator "TA"]
[PlyCount "104"]
[EventDate "2017.??.??"]
[SourceTitle "Jinhua-Lanxi"]

1. d4 Nf6 2. c4 e6 3. Nf3 d5 4. Nc3 Bb4 5. Bg5 h6 6. Bxf6 Qxf6 7. e3 O-O 8. Qb3
c5 9. cxd5 exd5 10. dxc5 Bxc3+ 11. Qxc3 Qxc3+ 12. bxc3 Be6 {D38: Queen's
Gambit Declined: Ragozin Defence (4 Nf3 Bb4)} (12... Nd7 13. Rd1 Nf6 14. Nd4
Bd7 15. f3 Rfc8 16. Nb3 b6 17. Ba6 Rc7 18. c4 dxc4 19. Bxc4 b5 20. Be2 {
1/2-1/2 (52) Anton Guijarro,D (2679)-Inarkiev,E (2727) Poikovsky 2017}) 13. Nd4
Rc8 14. Bb5 Rxc5 15. Kd2 a6 16. Bd3 Rc7 $146 ({Predecessor:} 16... Bc8 17. Rhb1
Nd7 18. a4 g6 19. a5 Rc7 20. Rb4 {1/2-1/2 (28) Gatto,C (2133)-Lorenz,R (2209)
ICCF email 2012}) 17. Rhb1 Nd7 18. a4 Rac8 19. Ra3 Nc5 20. f3 Kf8 21. a5 Ke7
22. Rb6 Nd7 23. Rb1 Nc5 24. Rb6 Nd7 25. Rb4 Nc5 26. Be2 g6 27. Ra1 Rd8 28. Rab1
Bc8 29. g4 Ne6 30. h4 Rc5 31. Nb3 Rc6 32. Nd4 Rc5 33. Nb3 Rc6 34. Rh1 Kf8 35.
Nd4 Rc5 36. Nb3 Rc6 $1 37. Bd3 Rdd6 38. Nd4 Rc5 39. Ra1 Rc7 40. Rbb1 Nc5 41.
Rh1 b5 42. axb6 $1 Rxb6 43. Rhb1 Rcb7 44. Rxb6 Rxb6 45. Ra5 Nxd3 46. Kxd3 $14 {
Endgame KRB-KRN} Rd6 47. Nc2 Bd7 48. Nb4 Bb5+ 49. Kd4 Be2 50. f4 ({Much worse
is} 50. Rxd5 $6 Rxd5+ 51. Nxd5 Bxf3 $11) ({But not} 50. Nxd5 $6 Bxf3 51. g5
hxg5 $11) 50... Re6 51. Nxd5 Bxg4 {[#]} 52. Rc5 (52. e4 $1 $16) 52... Bf5 {
Precision: White = 50%, Black = 60%.} 1/2-1/2

[Event "Yingmei Cup CHN-chT 2017"]
[Site "?"]
[Date "2017.05.25"]
[Round "7"]
[White "Fang, Yuxiang"]
[Black "Sethuraman, S P."]
[Result "0-1"]
[WhiteElo "2498"]
[BlackElo "2619"]
[Annotator "TA"]
[PlyCount "108"]
[EventDate "2017.??.??"]
[SourceTitle "Jinhua-Lanxi"]

1. d4 d6 2. Nf3 g6 3. c4 Nf6 4. Nc3 Bf5 5. g3 Bg7 6. Bg2 Ne4 7. Nxe4 Bxe4 8.
O-O {E62: King's Indian: Fianchetto: 6...c6 and Panno Variation (6...Nc6)
without ...a6} O-O 9. Be3 d5 {LiveBook: 6 Games} 10. Qc1 {The position is
equal.} (10. Rc1 Nc6 11. b3 e6 12. Qd2 dxc4 13. Rxc4 Qe7 14. Bg5 f6 15. Be3
Rfd8 16. Qb2 a5 17. Rfc1 Rd7 18. Ne1 Bxg2 19. Kxg2 e5 20. dxe5 Nxe5 21. Rd4 f5
{1/2-1/2 (21) Batchuluun,T (2525)-Wang,H (2680) Chengdu 2017}) 10... Nc6 $146 (
{Predecessor:} 10... c6 11. Rd1 {1/2-1/2 (11) De Jong,J (2454) -Kuipers,S 
(2389) Haarlem 2014}) 11. Rd1 Qd7 12. Ng5 Bxg2 13. Kxg2 a5 14. Nf3 Rfd8 15. Qc3
dxc4 16. Qxc4 Nb4 17. Rac1 c6 18. Bd2 Nd5 19. a4 (19. e4 $5 Nf6 20. Ng5 $14)
19... Nf6 20. Bf4 Qd5 21. Be5 Bh6 22. Rc2 Qxc4 23. Rxc4 Nd5 24. e4 Nb6 25. Rc2
Rd7 26. b3 f6 27. Bf4 $36 {White has some pressure.} Bxf4 28. gxf4 Nc8 29. Rc5
Kf7 30. f5 Nb6 31. h4 Rdd8 32. h5 g5 33. Kg3 Nd7 34. Rcc1 Nf8 35. Rc5 e6 36.
Kg4 h6 37. Rd2 Re8 38. e5 exf5+ 39. Kxf5 Nd7 $1 {[#] Threatens to win with ...
g4.} 40. Rc3 Rad8 41. Re3 {aiming for e6+.} (41. e6+ $5 Rxe6 42. d5 $11) 41...
Kg7 42. d5 (42. Kg4 $15) 42... fxe5 $19 43. dxc6 bxc6 {White must now prevent .
..Rf8+.} 44. Kg4 e4 {[#] Strongly threatening ...Nf6+.} 45. Nd4 $2 (45. Kg3 {
was the crucial defense.}) 45... Nf6+ {Black is clearly winning.} 46. Kh3 Rd5
47. b4 axb4 48. Nb3 Rxd2 49. Nxd2 {Endgame KRN-KRN} Ra8 50. Nxe4 Nd5 51. Re1
Rxa4 52. Nd6 (52. Rb1 $142) 52... b3 53. Nf5+ Kh7 54. Rb1 Rb4 {Precision:
White = 37%, Black = 59%.} 0-1

[Event "Yingmei Cup CHN-chT 2017"]
[Site "?"]
[Date "2017.05.25"]
[Round "7"]
[White "Wan, Yunguo"]
[Black "Wang, Yiye"]
[Result "0-1"]
[WhiteElo "2492"]
[BlackElo "2425"]
[Annotator "TA"]
[PlyCount "88"]
[EventDate "2017.??.??"]
[SourceTitle "Jinhua-Lanxi"]

1. e4 e6 2. d4 d5 3. Nc3 dxe4 4. Nxe4 Nd7 5. Nf3 Ngf6 6. Bd3 Be7 7. Nxf6+ Nxf6
8. Be3 b6 {C10: French with 3 Nc3: Unusual Black 3rd moves and 3... dxe4} 9.
Qe2 Bb7 10. O-O-O O-O 11. Ne5 (11. Kb1 Qc8 12. c4 c5 13. dxc5 bxc5 14. Ne5 Rd8
15. f3 Nd7 16. Bf4 Nxe5 17. Bxe5 Bc6 {1-0 (46) Demchenko,A (2632) -Stupak,K 
(2562) Subic Bay 2016}) 11... c5 {LiveBook: 3 Games} ({But not} 11... Bxg2 $6
12. Rhg1 $18) 12. dxc5 {Hoping for c6.} Qc7 13. c6 Bxc6 14. Nxc6 Qxc6 15. Kb1
$146 ({Predecessor:} 15. f3 Qa4 16. Kb1 Nd5 17. Be4 Nxe3 18. Qxe3 Rad8 19. Qb3
Qxb3 20. axb3 Rxd1+ 21. Rxd1 Rd8 {1/2-1/2 (21) Treybal,D (2173) -Rybansky,A 
(2104) Slovakia 2008}) 15... Rac8 16. Bd4 (16. f4 $14) 16... Rfd8 $11 17. c3 (
17. Bxf6 $5 Bxf6 18. g3 $11) 17... Qxg2 18. h4 Qg4 19. f3 Qh5 $1 20. Rdg1 {[#]}
Ne8 $1 21. Bc2 Kf8 22. Qe3 Bf6 23. Bxf6 gxf6 24. f4 (24. Rg4 $15) 24... Nd6 $17
25. f5 Nxf5 26. Qf4 Ke7 27. Rf1 Qh6 28. Qa4 Ng3 (28... Ne3 $17 29. Qa3+ Rd6 30.
Qxa7+ Rd7 31. Qxb6 Nxf1 32. Qb4+ Kd8 33. Rxf1 Qe3) 29. Qxa7+ {[#]} (29. Qa3+
$11 {remains equal.} Rc5 30. Rd1) 29... Rd7 $1 30. Qa3+ $2 (30. Qxb6 $17 {
only move.} Nxf1 31. Qb4+ Kd8 32. Rxf1) 30... Rc5 $19 31. Qb4 Nxh1 32. Qxb6 Qe3
33. Rxh1 Rxc3 34. Qb4+ Rc5 35. Re1 Qf2 36. Bb3 Qd4 37. Qa3 Rd6 38. Qa7+ Kf8 {
( -> ...Qd3+)} 39. Qa8+ Rd8 40. Qg2 Qd2 41. Qg1 Qd4 $2 (41... Qd3+ $19 42. Ka1
Rdc8) 42. Qh1 $2 (42. Qg2 $11 Qxh4 43. Qh1) 42... Qd3+ {Black is clearly
winning.} 43. Ka1 Rdc8 44. Qg1 {[#]} Qg3 $1 {Precision: White = 33%, Black =
79%.} 0-1

[Event "Yingmei Cup CHN-chT 2017"]
[Site "?"]
[Date "2017.05.25"]
[Round "7"]
[White "Li, Di"]
[Black "Ni, Hua"]
[Result "0-1"]
[WhiteElo "2485"]
[BlackElo "2674"]
[Annotator "TA"]
[PlyCount "80"]
[EventDate "2017.??.??"]
[SourceTitle "Jinhua-Lanxi"]

1. d4 Nf6 2. c4 e6 3. Nf3 d5 4. Nc3 a6 5. cxd5 exd5 6. Bg5 {[%emt 0:00:05] D37:
Queen's Gambit Declined: Bf4} (6. Bf4 Bd6 7. Bg3 O-O 8. e3 Bf5 9. Qb3 Bxg3 10.
hxg3 Nc6 11. Be2 Qd6 12. O-O Ne7 13. Ne5 h5 {0-1 (39) Karjakin,S (2783)-Adams,
M (2761) Shamkir 2017}) 6... Be6 7. e3 Nbd7 8. Bd3 Bd6 9. O-O c6 10. Qc2 Qc7 {
LiveBook: 3 Games} 11. Rfe1 $146 ({Predecessor:} 11. Bh4 h6 12. Rab1 O-O 13. b4
Rfe8 {0-1 (54) Chatalbashev,B (2546)-Mainka,R (2408) Germany 2017}) 11... h6
12. Bxf6 Nxf6 13. e4 dxe4 14. Nxe4 Nxe4 15. Bxe4 O-O-O 16. Bf5 Bxf5 17. Qxf5+
Qd7 18. Qc2 Bc7 19. Qc5 Rhe8 20. a3 g5 21. Rxe8 Rxe8 22. Re1 Rxe1+ 23. Nxe1 Qe6
{[#]} 24. Nc2 (24. Kf1 $15) 24... Qa2 $17 {( -> ...Qb1+)} 25. Qc3 Qb1+ 26. Ne1
Qd1 27. Kf1 {[#]} Bb6 $1 28. Qf3 (28. Qh3+ $17 {was necessary.} Kb8 29. Qxh6)
28... Qxf3 $19 29. Nxf3 {Endgame KB-KN} g4 30. Ne5 f5 31. Nc4 (31. d5 $17 {
keeps fighting.}) 31... Bxd4 32. Nd6+ (32. b3 $142 Kd7 33. Ke2) 32... Kd7 33.
Nxf5 $2 (33. Nxb7 Bxb2 34. a4) 33... Bxb2 34. Nxh6 Bxa3 35. Nxg4 Bb2 36. Ke2 a5
37. Kd3 a4 38. Kc2 $2 (38. h4 c5 39. Kc2) 38... Bd4 {Black is clearly winning.}
39. Ne3 b5 40. Kd3 (40. Kb1 $142 Ke6 41. Ka2) 40... c5 {Precision: White = 29%,
Black = 96%.} 0-1

[Event "Yingmei Cup CHN-chT 2017"]
[Site "?"]
[Date "2017.05.25"]
[Round "7"]
[White "Shen, Yang"]
[Black "Ning, Kaiyu"]
[Result "1-0"]
[WhiteElo "2473"]
[BlackElo "2131"]
[Annotator "TA"]
[PlyCount "71"]
[EventDate "2017.??.??"]
[SourceTitle "Jinhua-Lanxi"]

1. d4 d5 2. c4 e6 3. Nc3 Nf6 4. cxd5 Nxd5 5. Qa4+ (5. e4 Nxc3 6. bxc3 c5 7. Rb1
Be7 8. Nf3 O-O 9. Bc4 Nc6 10. O-O b6 11. Bf4 Bb7 12. Re1 cxd4 13. cxd4 Nb4 14.
Qd2 Nc6 15. d5 {1/2-1/2 (31) Svidler,P (2755)-Radjabov,T (2710) Moscow 2017})
5... Bd7 $146 ({Predecessor:} 5... Nc6 6. Nf3 Nb6 7. Qd1 Be7 8. e4 O-O 9. Be2
f5 10. O-O fxe4 11. Nxe4 Nd5 12. Bb5 Bd7 {0-1 (56) Rakotomaharo,F (2439)
-Kigigha,B (2340) Baku 2016}) 6. Qb3 {D35: Queen's Gambit Declined: Exchange
Variation} Bc6 7. e3 a6 8. Nf3 {The position is equal.} Nd7 9. Bd2 Nxc3 10.
bxc3 Be4 11. Be2 Bd6 12. O-O O-O 13. Rfc1 c5 14. a4 Rc8 15. Be1 cxd4 (15... c4
$5 16. Bxc4 Bxf3 17. gxf3 Qh4 $11) 16. cxd4 Rxc1 17. Rxc1 Qb8 18. Ng5 Bd5 19.
Qc2 (19. Qb1 $5 Nf6 20. h3 $11) 19... f5 (19... Nf6 $11) 20. Bc4 $14 {And now
Qb3 would win.} Rc8 $1 {[#]} 21. Bxd5 $1 {Intending Qxf5 and mate.} Rxc2 (21...
exd5 22. Qxf5) 22. Bxe6+ Kf8 23. Rxc2 Ke7 $1 {Strongly threatening ...h6.} 24.
Bxf5 g6 ({Black should try} 24... b5 $1 $14) 25. Bd3 $1 $16 b5 {[#]} (25...
Bxh2+ $16 {was worth a try.} 26. Kf1 Bd6) 26. axb5 $1 $18 ({Inferior is} 26.
Nxh7 bxa4 27. f4 (27. Bxg6 $2 Qb1 $19) 27... g5 $11) 26... axb5 27. Rb2 ({
Don't take} 27. Nxh7 $6 Qg8 $11) 27... b4 {[#]} 28. Ne4 $1 b3 {intending ...
Ba3.} 29. Nxd6 Kxd6 30. Bc4 Qa7 {...Qa1 is the strong threat.} 31. Rxb3 Qa1 32.
Kf1 {White has a decisive advantage.} Ke7 33. f3 Nf6 34. Rb7+ Ke8 35. Kf2 Kd8
36. g4 {Precision: White = 73%, Black = 64%.} 1-0

[Event "Yingmei Cup CHN-chT 2017"]
[Site "?"]
[Date "2017.05.25"]
[Round "7"]
[White "Lei, Tingjie"]
[Black "Xiao, Yiyi"]
[Result "1-0"]
[WhiteElo "2471"]
[BlackElo "2290"]
[Annotator "TA"]
[PlyCount "79"]
[EventDate "2017.??.??"]
[SourceTitle "Jinhua-Lanxi"]

1. d4 Nf6 2. c4 e6 3. Nf3 b6 4. g3 Bb7 5. Bg2 Be7 6. O-O O-O 7. Nc3 Ne4 8. Bd2
Bf6 9. Be1 {E18: Queen's Indian: Old Main Line (4 g3 Bb7 5 Bg2 Be7 6 0-0 0-0 7
Nc3)} c5 {LiveBook: 6 Games} (9... d5 10. Qc2 Nxc3 11. Bxc3 Nd7 12. cxd5 exd5
13. b4 c5 14. dxc5 bxc5 15. Bxf6 Qxf6 16. Bh3 Rfd8 17. bxc5 {1-0 (57) Vitiugov,
N (2724) -Inarkiev,E (2723) Moscow 2017}) 10. Qd3 $146 ({Predecessor:} 10. Rc1
cxd4 11. Nxd4 Nxc3 12. Bxc3 Bxg2 13. Kxg2 d5 14. cxd5 Qxd5+ 15. Nf3 Qxd1 16.
Rfxd1 Na6 17. Bxf6 gxf6 18. Rc4 Rfc8 19. Ra4 Nc5 20. Rg4+ Kf8 {1/2-1/2 (34) Xu,
Y (2523) -Zeng,C (2549) Xinghua 2016}) 10... d5 11. cxd5 {The position is
equal.} exd5 12. dxc5 Nxc5 13. Qc2 d4 14. Rd1 Nc6 15. Qb1 Qd7 {[#]} (15... Ne6
$11) 16. b4 $1 $16 Qe6 17. Nb5 Na4 18. Nbxd4 Bxd4 19. Ng5 Qh6 20. b5 $1 Na5 (
20... Nd8 $1 $14 21. Rxd4 Qxg5) 21. Rxd4 Qxg5 22. Rxa4 Bxg2 23. Kxg2 Nb7 24.
Rf4 Rfe8 25. Qb3 Qh5 26. Bb4 Nd8 27. Qf3 ({Much weaker is} 27. Rh4 $6 Qxb5 28.
Rc1 Ne6 $11) 27... Qxf3+ 28. Kxf3 (28. exf3 $16 Ne6 29. Re4) 28... Rc8 $1 $14
29. Bd6 Nb7 30. Rd1 $40 {White attacks.} Rc2 31. Bb4 (31. e3 $14) 31... Rxa2
32. Rd7 Nd8 33. h4 h5 34. e3 a5 ({Black should play} 34... f6 $1 $14) 35. Bc3
Rc2 ({Black should try} 35... Ra3 36. Rc4 Ne6) 36. Bd4 $16 Ne6 (36... Rf8 $16
37. Bxb6 Ne6) 37. Rfxf7 $18 a4 38. Bxg7 a3 39. Bf6 {White wants to mate with
Rh7.} a2 $2 {[#]} (39... Rf8 $18 40. Rxf8+ Kxf8) 40. Rh7 $1 {Precision: White
= 66%, Black = 39%.} 1-0

[Event "Yingmei Cup CHN-chT 2017"]
[Site "?"]
[Date "2017.05.25"]
[Round "7"]
[White "Huang, Qian"]
[Black "Pham, Le Thao Nguyen"]
[Result "*"]
[WhiteElo "2450"]
[BlackElo "2331"]
[Annotator "TA"]
[PlyCount "71"]
[EventDate "2017.??.??"]
[SourceTitle "Jinhua-Lanxi"]

1. c4 e6 2. d4 d5 3. Nf3 Nf6 4. Nc3 dxc4 5. e3 a6 6. a4 c5 7. Bxc4 Nc6 8. O-O
Be7 9. dxc5 Qxd1 10. Rxd1 Bxc5 11. Bd2 {LiveBook: 47 Games} O-O {[%emt 0:00:07]
D2: Queen's Gambit Accepted: Classical main line: 7 e4!? and 7 a4} (11... Bd7
12. Bd3 O-O 13. Ne4 Be7 14. Rac1 Rfd8 15. Nc5 Be8 16. Be2 Rd5 17. Nb3 Rad8 18.
Be1 Rxd1 19. Rxd1 Rxd1 20. Bxd1 {1/2-1/2 (37) Anand,V (2817)-Kramnik,V (2785)
Monte Carlo 2011}) 12. Na2 Bd7 {The position is equal.} 13. Nc1 $146 ({
Predecessor:} 13. b4 Be7 14. b5 axb5 15. Bxb5 Rfc8 16. Rac1 Ne4 17. Nc3 Nc5 18.
e4 Nb3 19. Rb1 Nxd2 20. Rxd2 {1/2-1/2 (62) Kim,B-Nemcova,K (2357) Princeton
2012}) 13... Rfd8 14. Nd3 Bd6 15. b4 Rdc8 16. Bb3 b5 17. Be1 Be7 18. Nfe5 Nxe5
19. Nxe5 Be8 20. axb5 Bxb5 21. f3 Rab8 22. e4 Ne8 23. Rac1 Bd6 (23... Bg5 {
keeps more tension.} 24. Rxc8 Rxc8 25. g3 Be7 26. h4 g6) 24. Nc4 Bxc4 (24...
Bf4 {with more complications.} 25. Rc2 Bg5 26. g3 Be7 27. Kg2 g6) 25. Rxc4 Rxc4
26. Bxc4 Bxb4 27. Bxb4 Rxb4 28. Bxa6 $11 {Endgame KRB-KRN} Kf8 29. Be2 Ke7 30.
Kf2 e5 31. Rd5 f6 32. Rc5 Rb7 33. Ke3 Nd6 34. Ra5 Rb3+ 35. Kf2 Rb7 36. Ke3 {
Precision: White = 48%, Black = 72%.} *

[Event "Yingmei Cup CHN-chT 2017"]
[Site "?"]
[Date "2017.05.25"]
[Round "7"]
[White "Ni, Shiqun"]
[Black "Ren, Xiaoyi"]
[Result "1/2-1/2"]
[WhiteElo "2450"]
[BlackElo "2262"]
[Annotator "TA"]
[PlyCount "66"]
[EventDate "2017.??.??"]
[SourceTitle "Jinhua-Lanxi"]

1. e4 e5 2. Nf3 d6 3. d4 exd4 4. Nxd4 Nf6 5. Nc3 Be7 6. g3 Bg4 {C41: Philidor
Defence} (6... O-O 7. Bg2 Re8 8. O-O Bf8 9. Bf4 Nbd7 10. Qd2 Ne5 11. Rad1 c6
12. h3 b5 13. b3 b4 14. Na4 c5 {1-0 (48) Vachier Lagrave,M (2731)-Rapport,R 
(2671) Biel 2015}) 7. f3 Bd7 8. Bg2 Nc6 9. Nde2 O-O 10. O-O {LiveBook: 7 Games}
Qc8 11. Nf4 Ne5 12. b3 Re8 13. Bb2 Bf8 14. a4 $146 ({Predecessor:} 14. Qd2 Ng6
{0-1 (34) Plachetka,J-Espig,L Dresden 1969}) 14... c6 15. Qd2 Qc7 16. Nce2 Rad8
(16... d5 $5) 17. Kh1 d5 18. exd5 Nxd5 19. Nxd5 cxd5 20. Nd4 Qc8 21. Rae1 Bh3
22. Re2 Bxg2+ 23. Kxg2 Nc6 24. Rfe1 h6 25. Bc3 Nxd4 26. Qxd4 a6 {The position
is equal.} 27. Bb2 Rxe2+ 28. Rxe2 Re8 $132 {Black is not keeping still} 29.
Rxe8 (29. Rd2 {with more complications.} Qc6 30. Qd3 Bb4 31. Re2 Rxe2+ 32. Qxe2
h5 33. Bd4) 29... Qxe8 30. Qd2 Qe6 31. Bd4 Be7 32. Qd3 Bb4 33. Qe3 Qf5 {
Precision: White = 47%, Black = 43%.} 1/2-1/2